000 00958nas a2200301 4500
001 BR2015006877
003 BR-BrBNA
005 20231205125948.0
007 ta
008 230509b bl.|||p| |||| 00| 00por d
040 _aBR-BrBNA
_bpor
_cBiblioteca Nacional de Agricultura
041 _a(Pt)
072 _aF50
100 1 _aTerra, T.G.R.
100 1 _aLeal, T.C.A. de B.
100 1 _aRangel, P.H.N.
100 1 _aOliveira, A.B. de
245 1 _aCaracterísticas de tolerância à seca em genótipos de uma coleção nuclear de arroz de terras altas
650 _aORYZA SATIVA
650 _aARROZ SEQUEIRO
650 _aDISPONIBILIDADE DE AGUA
650 _aDEFICIENCIA HIDRICA
650 _aRELACAO AGUA-PLANTA
650 _aVARIACAO GENETICA
773 0 _tPesquisa Agropecuária Brasileira (Brazil)
_xISSN 0100-204X
_g(Sep 2015), v. 50(9) p. 788-796
_wBR2015006877
909 _a202311
_bLúcia
_c55
_dLúcia Elande
942 _2AGRIS
_n0
_cANA
999 _c247137
_d247137